Central Library OPAC University of Rajshahi

The Lighter Side of TEFL : (Record no. 9912)

MARC details
000 -LEADER
fixed length control field 02338nam a22004452u 4500
001 - CONTROL NUMBER
control field 9912
003 - CONTROL NUMBER IDENTIFIER
rucl marc code BD-RjUL
005 - DATE AND TIME OF LATEST TRANSACTION
control field 20211208234849.0
008 - FIXED-LENGTH DATA ELEMENTS--GENERAL INFORMATION
fixed length control field 140122s1994 u ||| b ||| | eng d
035 ## - SYSTEM CONTROL NUMBER
System control number (BD-RjUL)9958
040 ## - CATALOGING SOURCE
Original cataloging agency ericd
Language of cataloging eng
Transcribing agency ericd
Modifying agency MvI
041 ## - LANGUAGE CODE
Language code of text/sound track or separate title eng
082 04 - DEWEY DECIMAL CLASSIFICATION NUMBER
Edition number 19
Classification number 410
Author mark and year LIG 1994
091 ## - MICROFILM SHELF LOCATION (AM) [OBSOLETE]
Microfilm shelf location mfm
110 2# - MAIN ENTRY--CORPORATE NAME
Corporate name or jurisdiction name as entry element United States Information Agency, Washington, DC. English Language Programs Div.
9 (RLIN) 30645
245 14 - TITLE STATEMENT
Title The Lighter Side of TEFL :
Remainder of title A Teacher's Resource Book of Fun Activities for Students of English as a Foreign Language /
Statement of responsibility, etc. Thomas Kral, Ed.
260 ## - PUBLICATION, DISTRIBUTION, ETC. (IMPRINT)
Place of publication, distribution, etc. [Washington D.C.] :
Name of publisher, distributor, etc. Distributed by ERIC Clearinghouse,
Date of publication, distribution, etc. 1994.
300 ## - PHYSICAL DESCRIPTION
Pagination 143 p. ;
Size 27 cm.
520 ## - SUMMARY, ETC.
Summary, etc. The guide provides teachers of English as a Foreign Language (TEFL) with classroom instructional activities that reinforce vocabulary or teach specific language skills (listening, speaking, reading, writing) while demonstrating that communicating in English can be fun. The activities are brief and self-contained, and an audiotape cassette (not included) is designed for use with the last four sections of the book. Each section focuses on a different type of activity: word games; crossword puzzles; idioms; limericks; jokes and riddles; puzzle stories; shaggy dog stories; and folk wisdom. An answer key is also included. (MSE)
650 17 - SUBJECT ADDED ENTRY--TOPICAL TERM
Topical term or geographic name as entry element Class Activities.
Source of heading or term ericd
9 (RLIN) 30630
Topical term or geographic name as entry element English (Second Language)
Source of heading or term ericd
9 (RLIN) 30631
Topical term or geographic name as entry element Figurative Language.
Source of heading or term ericd
9 (RLIN) 30632
Topical term or geographic name as entry element Folk Culture.
Source of heading or term ericd
9 (RLIN) 30633
Topical term or geographic name as entry element Games.
Source of heading or term ericd
9 (RLIN) 30634
Topical term or geographic name as entry element Humor.
Source of heading or term ericd
9 (RLIN) 22732
Topical term or geographic name as entry element Idioms.
Source of heading or term ericd
9 (RLIN) 30635
Topical term or geographic name as entry element Instructional Materials.
Source of heading or term ericd
9 (RLIN) 30636
Topical term or geographic name as entry element Language Skills.
Source of heading or term ericd
9 (RLIN) 30637
Topical term or geographic name as entry element Poetry.
Source of heading or term ericd
9 (RLIN) 30638
Topical term or geographic name as entry element Puzzles.
Source of heading or term ericd
9 (RLIN) 30639
Topical term or geographic name as entry element Second Language Instruction.
Source of heading or term ericd
9 (RLIN) 30640
Topical term or geographic name as entry element Short Stories.
Source of heading or term ericd
9 (RLIN) 9866
Topical term or geographic name as entry element Skill Development.
Source of heading or term ericd
9 (RLIN) 30641
653 0# - INDEX TERM--UNCONTROLLED
Uncontrolled term Jokes
-- Limericks
-- Riddles
700 1# - ADDED ENTRY--PERSONAL NAME
Personal name Kral, Thomas,
Relator term editor.
710 2# - ADDED ENTRY--CORPORATE NAME
Corporate name or jurisdiction name as entry element United States Information Agency, Washington, DC. English Language Programs Div.
9 (RLIN) 30644
856 41 - ELECTRONIC LOCATION AND ACCESS
Uniform Resource Identifier <a href="http://www.eric.ed.gov/contentdelivery/servlet/ERICServlet?accno=ED419399">http://www.eric.ed.gov/contentdelivery/servlet/ERICServlet?accno=ED419399</a>
942 ## - ADDED ENTRY ELEMENTS (KOHA)
Source of classification or shelving scheme Dewey Decimal Classification
Koha item type Books
Holdings
Lost status Source of classification or shelving scheme Damaged status Not for loan Permanent Location Current Location Shelving location Date acquired Source of acquisition Cost, normal purchase price Total Checkouts Full call number Date last seen Copy number Koha item type
  Dewey Decimal Classification   Not For Loan Central Library, University of Rajshahi Central Library, University of Rajshahi Reading Room 30/11/1996 U.S. Govt. 0.00   410 LIG 1994 22/01/2014 C-1 Books